[Event "Scarborough Foundation 47th"]
[Site "Scarborough"]
[Date "2024.10.26"]
[Round "3.16"]
[White "Scorer, David M"]
[Black "Jardine, Kenneth"]
[Result "1/2-1/2"]
[WhiteElo "1405"]
[BlackElo "1523"]
[PlyCount "26"]
[EventDate "2024.10.25"]
[EventType "swiss"]
[EventRounds "5"]
[EventCountry "ENG"]
[SourceTitle "BritBase"]
[Source "John Saunders"]
[SourceDate "2025.02.10"]
[SourceVersion "1"]
[SourceVersionDate "2025.02.10"]
[SourceQuality "1"]

1. Nf3 e6 2. d4 d5 3. Bf4 c5 4. c3 Nc6 5. e3 c4 6. Be2 b5 7. Nbd2 b4 8. e4 Nf6 9. e5 Nd7 10. O-O a5 11. Qc2 Be7 12. Rfe1 O-O 13. h3 Bb7 1/2-1/2

[Event "Scarborough Foundation 47th"]
[Site "Scarborough"]
[Date "2024.10.26"]
[Round "3.17"]
[White "Palmer, Ian"]
[Black "Stoneham, Brendan"]
[Result "1-0"]
[WhiteElo "1373"]
[BlackElo "1515"]
[PlyCount "37"]
[EventDate "2024.10.25"]
[EventType "swiss"]
[EventRounds "5"]
[EventCountry "ENG"]
[SourceTitle "BritBase"]
[Source "John Saunders"]
[SourceDate "2025.02.10"]
[SourceVersion "1"]
[SourceVersionDate "2025.02.10"]
[SourceQuality "1"]

1. e4 d6 2. Nf3 c6 3. h3 g6 4. Bc4 d5 5. exd5 cxd5 6. Bb3 Bg7 7. d4 Nc6 8. a3 Bf5 9. Be3 Nf6 10. Nc3 Qa5 11. O-O Qc7 12. Qd2 e6 13. Bf4 Qd7 14. Ba4 Ne4 15. Nxe4 Bxe4 16. Ne5 Bxe5 17. Bxe5 O-O 18. Bf6 b5 19. Qh6 1-0

[Event "Scarborough Foundation 47th"]
[Site "Scarborough"]
[Date "2024.10.26"]
[Round "3.18"]
[White "Gaffney, Ethan"]
[Black "Clark, Steven"]
[Result "1-0"]
[WhiteElo "1507"]
[BlackElo "1361"]
[PlyCount "117"]
[EventDate "2024.10.25"]
[EventType "swiss"]
[EventRounds "5"]
[EventCountry "ENG"]
[SourceTitle "BritBase"]
[Source "John Saunders"]
[SourceDate "2025.02.10"]
[SourceVersion "1"]
[SourceVersionDate "2025.02.10"]
[SourceQuality "1"]

1. e4 e5 2. Nf3 Nc6 3. Bc4 Qe7 4. Nc3 Nf6 5. Ng5 Nd8 6. O-O h6 7. Nf3 Ng4 8. d4 d6 9. h3 Nf6 10. dxe5 dxe5 11. Nd5 Nxd5 12. exd5 f6 13. Re1 Nf7 14. Bb5+ Bd7 15. Bxd7+ Qxd7 16. Qd3 O-O-O 17. Rd1 Nd6 18. Qb3 e4 19. Nd4 Nf5 20. Ne6 Re8 21. Bf4 Bd6 22. Bxd6 Qxd6 23. Qc4 Qb6 24. Qxe4 Nd6 25. Qg4 f5 26. Qxg7 Ne4 27. Qd4 Qxd4 28. Rxd4 c5 29. Nxc5 Nxc5 30. Rc4 b6 31. b4 Re4 32. Rxe4 Nxe4 33. c4 Nc3 34. a3 Rd8 35. Kf1 b5 36. Rc1 Na2 37. Rc2 Nxb4 38. axb4 bxc4 39. Rxc4+ Kb7 40. Rc5 Rd6 41. Ke2 Kb6 42. Kf3 a5 43. Rxa5 Rg6 44. Rc5 Kb7 45. Rc6 Rg7 46. Rc5 Kb6 47. d6 Rd7 48. Rxf5 Rxd6 49. Kg4 Rg6+ 50. Kf3 Rd6 51. g4 Rd3+ 52. Kg2 Rd2 53. Kg3 Rd4 54. Rf4 Rd3+ 55. f3 Kb5 56. Kh4 Rd6 57. Kh5 Rd5+ 58. Rf5 Rxf5+ 59. gxf5 1-0

[Event "Scarborough Foundation 47th"]
[Site "Scarborough"]
[Date "2024.10.26"]
[Round "3.19"]
[White "Virgos Matilla, Luis"]
[Black "Haydock, Natalie"]
[Result "0-1"]
[WhiteElo "1462"]
[BlackElo "1337"]
[PlyCount "129"]
[EventDate "2024.10.25"]
[EventType "swiss"]
[EventRounds "5"]
[EventCountry "ENG"]
[SourceTitle "BritBase"]
[Source "John Saunders"]
[SourceDate "2025.02.10"]
[SourceVersion "1"]
[SourceVersionDate "2025.02.10"]
[SourceQuality "1"]

1. d4 d6 2. e4 Nf6 3. Nc3 g6 4. Nf3 Bg7 5. Be3 O-O 6. Qd2 Nc6 7. Bh6 e5 8. Bxg7 Kxg7 9. d5 Ne7 10. Bd3 c6 11. O-O-O cxd5 12. exd5 Nexd5 13. Nxd5 Nxd5 14. Bc4 Nb6 15. Bb3 Qf6 16. Qxd6 Qxd6 17. Rxd6 f6 18. Rhd1 e4 19. Nd4 f5 20. Ne6+ Bxe6 21. Bxe6 Rae8 22. Bb3 f4 23. Re6 Rxe6 24. Bxe6 Re8 25. Bb3 e3 26. fxe3 Rxe3 27. Kd2 a5 28. a4 g5 29. Re1 Rxe1 30. Kxe1 Kf6 31. h3 h5 32. Kf2 Nd7 33. Bd5 b6 34. b3 Ne5 35. Be4 h4 36. Bb7 g4 37. hxg4 Nxg4+ 38. Kf3 Kg5 39. Bc8 Ne3 40. c4 Nf5 41. Bxf5 Kxf5 42. Kf2 Kg4 43. Kf1 Kg3 44. Kg1 h3 45. gxh3 Kxh3 46. Kf1 Kg3 47. Kg1 Kf3 48. Kf1 Ke3 49. Ke1 Kd3 50. Kf2 Kc3 51. b4 Kxb4 52. Kf3 Kxc4 53. Kxf4 Kb4 54. Ke3 Kxa4 55. Kd4 Kb4 56. Kd3 a4 57. Kc2 b5 58. Kb2 Kc4 59. Ka2 Kc3 60. Ka1 Kc2 61. Ka2 b4 62. Ka1 a3 63. Ka2 b3+ 64. Ka1 b2+ 65. Ka2 0-1

[Event "Scarborough Foundation 47th"]
[Site "Scarborough"]
[Date "2024.10.26"]
[Round "3.20"]
[White "Baker, Andrew"]
[Black "Coleman, Patrick N"]
[Result "0-1"]
[WhiteElo "1321"]
[BlackElo "1447"]
[PlyCount "80"]
[EventDate "2024.10.25"]
[EventType "swiss"]
[EventRounds "5"]
[EventCountry "ENG"]
[SourceTitle "BritBase"]
[Source "John Saunders"]
[SourceDate "2025.02.10"]
[SourceVersion "1"]
[SourceVersionDate "2025.02.10"]
[SourceQuality "1"]

1. e4 c5 2. d4 cxd4 3. c3 dxc3 4. Nxc3 e6 5. Bc4 a6 6. a4 Nc6 7. Nf3 Bb4 8. Bd2 Nge7 9. e5 Ng6 10. Qe2 O-O 11. O-O Bxc3 12. Bxc3 b6 13. Rfd1 Qc7 14. b4 Bb7 15. Rac1 Nce7 16. Bb3 Bd5 17. Bxd5 Nxd5 18. Bb2 Qb7 19. Qe4 Rac8 20. g3 Rxc1 21. Bxc1 Rc8 22. Bb2 b5 23. a5 Rc4 24. Rd4 Qc6 25. Rxc4 bxc4 26. Nd4 Qa4 27. Qe1 Nxb4 28. Bc3 Nc6 29. Nxc6 Qxc6 30. Qe3 h6 31. Bb4 Qb5 32. Qc5 Qxc5 33. Bxc5 Nxe5 34. f4 Nd3 35. Bd4 Kh7 36. Kf1 g5 37. fxg5 hxg5 38. Ke2 Kg6 39. g4 f5 40. h3 Nf4+ 0-1

[Event "Scarborough Foundation 47th"]
[Site "Scarborough"]
[Date "2024.10.26"]
[Round "3.21"]
[White "Carling, Scott J"]
[Black "Cockerill, Martin K"]
[Result "1-0"]
[WhiteElo "1447"]
[BlackElo "1304"]
[PlyCount "53"]
[EventDate "2024.10.25"]
[EventType "swiss"]
[EventRounds "5"]
[EventCountry "ENG"]
[SourceTitle "BritBase"]
[Source "John Saunders"]
[SourceDate "2025.02.10"]
[SourceVersion "1"]
[SourceVersionDate "2025.02.10"]
[SourceQuality "1"]

1. e4 e6 2. d4 d5 3. Nc3 dxe4 4. Nxe4 Nc6 5. Nf3 Be7 6. Bc4 Nf6 7. Nxf6+ Bxf6 8. Be3 O-O 9. O-O Ne7 10. Qd3 Ng6 11. Rad1 b6 12. c3 Bb7 13. d5 exd5 14. Bxd5 Bxd5 15. Qe2 Bxf3 16. Qxf3 Qc8 17. Rd5 Qb7 18. Rfd1 Rad8 19. Rxd8 Qxf3 20. Rxf8+ Nxf8 21. gxf3 Ne6 22. f4 Kf8 23. f5 Bd8 24. fxe6 Be7 25. exf7 Kxf7 26. Rd7 Ke6 27. Rxc7 1-0

[Event "Scarborough Foundation 47th"]
[Site "Scarborough"]
[Date "2024.10.26"]
[Round "3.22"]
[White "Wright, George A"]
[Black "Lovegrove, David Charles"]
[Result "1-0"]
[WhiteElo "1320"]
[BlackElo "1419"]
[PlyCount "45"]
[EventDate "2024.10.25"]
[EventType "swiss"]
[EventRounds "5"]
[EventCountry "ENG"]
[SourceTitle "BritBase"]
[Source "John Saunders"]
[SourceDate "2025.02.10"]
[SourceVersion "1"]
[SourceVersionDate "2025.02.10"]
[SourceQuality "1"]

1. d4 d5 2. c4 e6 3. Nc3 Be7 4. Nf3 Nf6 5. Bf4 c6 6. e3 Nbd7 7. cxd5 exd5 8. Bd3 b6 9. O-O Bb7 10. Rc1 Nh5 11. Be5 Bf6 12. Bd6 g6 13. Re1 Be7 14. Bxe7 Kxe7 15. e4 Kd6 16. exd5 Qf6 17. Ne4+ Ke7 18. Nxf6+ Kxf6 19. dxc6 Nf4 20. cxb7 Nxd3 21. Qxd3 Rae8 22. Rxe8 Rxe8 23. Re1 1-0

[Event "Scarborough Foundation 47th"]
[Site "Scarborough"]
[Date "2024.10.26"]
[Round "3.23"]
[White "Hicks, Noah"]
[Black "Fletcher, Martin G"]
[Result "1/2-1/2"]
[WhiteElo "1292"]
[BlackElo "1417"]
[PlyCount "46"]
[EventDate "2024.10.25"]
[EventType "swiss"]
[EventRounds "5"]
[EventCountry "ENG"]
[SourceTitle "BritBase"]
[Source "John Saunders"]
[SourceDate "2025.02.10"]
[SourceVersion "1"]
[SourceVersionDate "2025.02.10"]
[SourceQuality "1"]

1. d4 b6 2. Nf3 Ba6 3. Bf4 d6 4. e4 Bxf1 5. Rxf1 Nd7 6. Nc3 e6 7. Qe2 Ne7 8. O-O-O Ng6 9. Be3 Be7 10. Nd2 Bg5 11. f4 Bh6 12. g4 Bxf4 13. Bxf4 e5 14. Be3 O-O 15. Nf3 Nf4 16. Bxf4 exf4 17. Ng1 Qg5 18. Qf3 Nf6 19. Qxf4 Qxg4 20. Qxg4 Nxg4 21. Nf3 Ne3 22. Rg1 Nxd1 23. Kxd1 c6 1/2-1/2

[Event "Scarborough Foundation 47th"]
[Site "Scarborough"]
[Date "2024.10.26"]
[Round "3.25"]
[White "Clarke, Gary"]
[Black "Ward, Colin"]
[Result "1-0"]
[WhiteElo "1521"]
[BlackElo "1001"]
[PlyCount "53"]
[EventDate "2024.10.25"]
[EventType "swiss"]
[EventRounds "5"]
[EventCountry "ENG"]
[SourceTitle "BritBase"]
[Source "John Saunders"]
[SourceDate "2025.02.10"]
[SourceVersion "1"]
[SourceVersionDate "2025.02.10"]
[SourceQuality "1"]

1. d4 d5 2. Nf3 Nc6 3. Bf4 f6 4. e3 g5 5. Bg3 Bg7 6. c4 Bg4 7. h3 Bxf3 8. Qxf3 Nb4 9. Qh5+ Kf8 10. Qd1 e5 11. a3 Nc6 12. cxd5 Qxd5 13. Nc3 Qe6 14. d5 Qd6 15. dxc6 Qxd1+ 16. Rxd1 bxc6 17. Bc4 Rb8 18. b3 h5 19. Ke2 Ne7 20. Ne4 h4 21. Bh2 f5 22. Nxg5 Ng6 23. Ne6+ Kf7 24. Nxc7+ Kf6 25. Ne6 Nf8 26. Nxg7 Kxg7 27. Bxe5+ 1-0

[Event "Scarborough Foundation 47th"]
[Site "Scarborough"]
[Date "2024.10.26"]
[Round "3.26"]
[White "Ramanathan, Vaidy"]
[Black "Greenaway, Terence V"]
[Result "0-1"]
[WhiteElo "1164"]
[BlackElo "1527"]
[PlyCount "100"]
[EventDate "2024.10.25"]
[EventType "swiss"]
[EventRounds "5"]
[EventCountry "ENG"]
[SourceTitle "BritBase"]
[Source "John Saunders"]
[SourceDate "2025.02.10"]
[SourceVersion "1"]
[SourceVersionDate "2025.02.10"]
[SourceQuality "1"]

1. e4 d6 2. Nf3 g6 3. e5 Bg7 4. d4 dxe5 5. Nxe5 Bxe5 6. dxe5 Qxd1+ 7. Kxd1 Bf5 8. Bd3 e6 9. Be3 Nd7 10. f4 Ne7 11. Nc3 c6 12. h3 h5 13. Ne4 Bxe4 14. Bxe4 Nd5 15. Bd2 Nc5 16. Bd3 O-O-O 17. Ke2 Kb8 18. b3 Ne7 19. b4 Nxd3 20. cxd3 Nf5 21. Be1 Rd4 22. Rb1 Rhd8 23. Bf2 Rxd3 24. Rb2 Ng3+ 25. Bxg3 Rxg3 26. Kf2 Rgd3 27. Ke2 Kc7 28. g4 h4 29. Kf2 Rd2+ 30. Rxd2 Rxd2+ 31. Kf3 Rxa2 32. Re1 Rb2 33. Re4 Rb3+ 34. Kg2 Rd3 35. f5 Rg3+ 36. Kh2 Rf3 37. fxg6 fxg6 38. g5 Rf5 39. Rxh4 Rxg5 40. Re4 b5 41. h4 Rh5 42. Kg3 g5 43. Kg4 Rxh4+ 44. Kf3 Rxe4 45. Kxe4 c5 46. bxc5 b4 47. Kd3 g4 48. Kc4 a5 49. Kb5 b3 50. Kxa5 b2 0-1

[Event "Scarborough Foundation 47th"]
[Site "Scarborough"]
[Date "2024.10.26"]
[Round "3.27"]
[White "Haydock, Mark"]
[Black "Kilmartin, David"]
[Result "0-1"]
[WhiteElo "1186"]
[BlackElo "1505"]
[PlyCount "107"]
[EventDate "2024.10.25"]
[EventType "swiss"]
[EventRounds "5"]
[EventCountry "ENG"]
[SourceTitle "BritBase"]
[Source "John Saunders"]
[SourceDate "2025.02.10"]
[SourceVersion "1"]
[SourceVersionDate "2025.02.10"]
[SourceQuality "1"]

1. d4 d5 2. Bf4 Nf6 3. e3 e6 4. Nf3 Bd6 5. Be5 O-O 6. Bd3 c5 7. Nbd2 Nc6 8. h4 c4 9. Bxh7+ Kxh7 10. Ng5+ Kg8 11. f4 Qe7 12. Bxf6 Qxf6 13. g3 Bd7 14. Qh5 Qh6 15. Qxh6 gxh6 16. Ngf3 Nb4 17. O-O-O Nxa2+ 18. Kb1 Nb4 19. e4 Ba4 20. b3 cxb3 21. cxb3 Bc6 22. e5 Bc7 23. h5 f5 24. Nh4 Be8 25. Nhf3 Kh7 26. Rdg1 Rg8 27. Kb2 Nd3+ 28. Kc2 Nf2 29. Rh2 Ng4 30. Rhh1 Bb6 31. Kb2 Rc8 32. Nh2 Bxd4+ 33. Kb1 Bxg1 34. Nxg4 Rxg4 35. Rxg1 Rc3 36. Kb2 Rgxg3 37. Ra1 a6 38. Ra3 Bxh5 39. Nf1 Rh3 40. Nd2 Rc7 41. Ra4 Bd1 42. Ra1 Rc2+ 43. Ka3 Rxd2 44. Kb4 Rxb3+ 45. Kc5 Rc2+ 46. Kd6 Rb6+ 47. Ke7 Bg4 48. Kf6 Rc7 49. Rh1 Rc8 50. Rh2 h5 51. Rh4 d4 52. Rh2 d3 53. Rd2 Be2 54. Ke7 0-1

[Event "Scarborough Foundation 47th"]
[Site "Scarborough"]
[Date "2024.10.26"]
[Round "3.29"]
[White "Singer, Matthew"]
[Black "Sutton, Ronnie"]
[Result "1-0"]
[WhiteElo "1324"]
[BlackElo "1039"]
[PlyCount "75"]
[EventDate "2024.10.25"]
[EventType "swiss"]
[EventRounds "5"]
[EventCountry "ENG"]
[SourceTitle "BritBase"]
[Source "John Saunders"]
[SourceDate "2025.02.10"]
[SourceVersion "1"]
[SourceVersionDate "2025.02.10"]
[SourceQuality "1"]

1. Nc3 Nf6 2. Nf3 g6 3. e4 d6 4. Bc4 Bg4 5. d4 Nbd7 6. Bb3 Bg7 7. h3 Bxf3 8. Qxf3 O-O 9. Bg5 Rb8 10. Qe3 c6 11. Bh6 e5 12. O-O-O a6 13. Bxg7 Kxg7 14. dxe5 Nxe5 15. g4 c5 16. f4 Nc6 17. e5 Nd7 18. h4 Nd4 19. h5 Re8 20. hxg6 hxg6 21. Qh3 Rh8 22. Qe3 b5 23. a3 Qb6 24. Nd5 Qd8 25. exd6 Re8 26. Qg1 Ne2+ 27. Kb1 Nxg1 28. Rdxg1 Rh8 29. c3 Rxh1 30. Rxh1 Qe8 31. f5 Qe4+ 32. Ka2 Qxh1 33. Ne7 Qg2 34. Ka1 gxf5 35. Nxf5+ Kf8 36. Ne7 Qxg4 37. Bd5 f5 38. Be6 {The Chief Arbiter awarded the game for White.} 1-0

[Event "Scarborough Foundation 47th"]
[Site "Scarborough"]
[Date "2024.10.26"]
[Round "3.31"]
[White "Harle, George"]
[Black "Handa, Anant"]
[Result "0-1"]
[WhiteElo "1094"]
[BlackElo "1303"]
[PlyCount "110"]
[EventDate "2024.10.25"]
[EventType "swiss"]
[EventRounds "5"]
[EventCountry "ENG"]
[SourceTitle "BritBase"]
[Source "John Saunders"]
[SourceDate "2025.02.10"]
[SourceVersion "1"]
[SourceVersionDate "2025.02.10"]
[SourceQuality "1"]

1. d4 Nf6 2. Bf4 d6 3. Nf3 Bf5 4. c4 h6 5. e3 c6 6. Bd3 Ne4 7. O-O Qb6 8. Qc2 d5 9. b3 Na6 10. Nc3 Nb4 11. Qd2 Nxd2 12. Nxd2 Nxd3 13. a4 Qb4 14. Ncb1 g5 15. Bg3 h5 16. a5 h4 17. Ra4 Qxa4 18. bxa4 hxg3 19. fxg3 O-O-O 20. Rxf5 f6 21. h3 e6 22. Rxf6 Bd6 23. Nf1 Rde8 24. c5 Bb8 25. Nbd2 Re7 26. Rg6 e5 27. Rxg5 exd4 28. exd4 Bc7 29. a6 bxa6 30. Rg6 Kb7 31. Nf3 Re2 32. Ng5 Rf8 33. h4 Rff2 34. Nh3 Rxg2+ 35. Kh1 Ra2 36. Ne3 Rgb2 37. h5 Rh2+ 38. Kg1 Rxh3 39. h6 Rah2 40. Ng4 Rh1+ 41. Kg2 Ne1+ 42. Kf2 Bxg3+ 43. Ke2 Nc2 44. Rg7+ Bc7 45. Kd2 Nxd4 46. Nf2 R1h2 47. Ke1 Rxh6 48. Ng4 Rh1+ 49. Kf2 Nf5 50. Nxh6 Nxh6 51. Rh7 a5 52. Kg2 Rh5 53. Kf3 Kc8 54. Rh8+ Kb7 55. Ke3 Nf5+ 0-1

[Event "Scarborough Foundation 47th"]
[Site "Scarborough"]
[Date "2024.10.26"]
[Round "3.32"]
[White "Fairfield, Connor"]
[Black "Roberts, David"]
[Result "1-0"]
[WhiteElo "1244"]
[BlackElo "1105"]
[PlyCount "57"]
[EventDate "2024.10.25"]
[EventType "swiss"]
[EventRounds "5"]
[EventCountry "ENG"]
[SourceTitle "BritBase"]
[Source "John Saunders"]
[SourceDate "2025.02.10"]
[SourceVersion "1"]
[SourceVersionDate "2025.02.10"]
[SourceQuality "1"]

1. e4 d6 2. Bc4 g6 3. Nf3 Bg7 4. c3 Nf6 5. e5 Ng4 6. exd6 Qxd6 7. d4 Nc6 8. h3 Nf6 9. b3 O-O 10. Ba3 Qd8 11. Nbd2 Re8 12. Ng5 e6 13. O-O h6 14. Nge4 e5 15. Nxf6+ Bxf6 16. d5 Ne7 17. Ne4 Nf5 18. Bb5 Bd7 19. Bxd7 Qxd7 20. Nxf6+ Kg7 21. Nxd7 Rad8 22. Bf8+ Rxf8 23. Nxf8 Kxf8 24. c4 c6 25. Qd2 b6 26. Rfe1 f6 27. g4 Nh4 28. Qxh6+ Kg8 29. Qxh4 1-0

[Event "Scarborough Foundation 47th"]
[Site "Scarborough"]
[Date "2024.10.26"]
[Round "3.33"]
[White "Hutchinson, Stephen A"]
[Black "Todd, James"]
[Result "0-1"]
[WhiteElo "1072"]
[BlackElo "1191"]
[PlyCount "92"]
[EventDate "2024.10.25"]
[EventType "swiss"]
[EventRounds "5"]
[EventCountry "ENG"]
[SourceTitle "BritBase"]
[Source "John Saunders"]
[SourceDate "2025.02.10"]
[SourceVersion "1"]
[SourceVersionDate "2025.02.10"]
[SourceQuality "1"]

1. d4 d5 2. Nf3 Bf5 3. h3 h6 4. Bf4 e6 5. Nc3 c5 6. e3 Nc6 7. Nb5 Qa5+ 8. c3 Rc8 9. dxc5 Bxc5 10. Bd3 Nge7 11. Bd6 a6 12. Bxc5 axb5 13. O-O Bxd3 14. Qxd3 O-O 15. Nd4 Ne5 16. Qe2 Rfe8 17. Bxe7 Rxe7 18. f4 Nc6 19. Nxb5 Rd7 20. f5 e5 21. f6 g6 22. Na3 Qc5 23. Kh1 Na5 24. Qg4 Qd6 25. Qh4 Kh7 26. Nb5 Qb6 27. a4 Nc4 28. Qg4 Rcd8 29. Qg3 Nxe3 30. Rfe1 Nc2 31. Qxe5 Nxa1 32. Rxa1 Qf2 33. b4 Qb2 34. Rf1 d4 35. cxd4 Qxb4 36. Qc5 Qxa4 37. Kh2 Qa6 38. Nc3 Qxf1 39. Ne4 Qf4+ 40. Kh1 Qxe4 41. Qe5 Qxd4 42. Qxd4 Rxd4 43. Kh2 Rd3 44. g3 Rd2+ 45. Kg1 Rc8 46. Kf1 Rc1# 0-1

[Event "Scarborough Foundation 47th"]
[Site "Scarborough"]
[Date "2024.10.26"]
[Round "3.34"]
[White "Smith, Alan"]
[Black "Conyers-Kelly, Toby"]
[Result "1-0"]
[WhiteElo "1066"]
[BlackElo "1191"]
[PlyCount "31"]
[EventDate "2024.10.25"]
[EventType "swiss"]
[EventRounds "5"]
[EventCountry "ENG"]
[SourceTitle "BritBase"]
[Source "John Saunders"]
[SourceDate "2025.02.10"]
[SourceVersion "1"]
[SourceVersionDate "2025.02.10"]
[SourceQuality "1"]

1. d4 Nf6 2. Bf4 d5 3. Nf3 e6 4. e3 Bd6 5. Bg3 Bxg3 6. hxg3 Nc6 7. c4 O-O 8. Bd3 Re8 9. Ne5 Nxe5 10. dxe5 Ne4 11. Nd2 Nc5 12. Bxh7+ Kf8 13. Qf3 Qe7 14. Bg6 Nd3+ 15. Kf1 Nxe5 16. Rh8# 1-0

[Event "Scarborough Foundation 47th"]
[Site "Scarborough"]
[Date "2024.10.26"]
[Round "3.35"]
[White "Britton, Nicola"]
[Black "Choudhury, Zan"]
[Result "1-0"]
[WhiteElo "1160"]
[BlackElo "1020"]
[PlyCount "49"]
[EventDate "2024.10.25"]
[EventType "swiss"]
[EventRounds "5"]
[EventCountry "ENG"]
[SourceTitle "BritBase"]
[Source "John Saunders"]
[SourceDate "2025.02.10"]
[SourceVersion "1"]
[SourceVersionDate "2025.02.10"]
[SourceQuality "1"]

1. e4 c5 2. d4 cxd4 3. Qxd4 Nc6 4. Qd1 e6 5. Nf3 Nf6 6. Nc3 d5 7. exd5 exd5 8. Bb5 Bd7 9. O-O Be7 10. Nxd5 Be6 11. Bxc6+ bxc6 12. Nxf6+ Bxf6 13. Qxd8+ Rxd8 14. Bf4 O-O 15. Bc7 Bxb2 16. Rab1 Bxa2 17. h3 Bxb1 18. Bxd8 Bxc2 19. Be7 Re8 20. Re1 a5 21. Nd2 Bd3 22. Re3 a4 23. Rxd3 Rxe7 24. Rd8+ Re8 25. Rxe8# 1-0

[Event "Scarborough Foundation 47th"]
[Site "Scarborough"]
[Date "2024.10.27"]
[Round "4.2"]
[White "Kundan Khan, Sara"]
[Black "Wilson, Daniel"]
[Result "0-1"]
[WhiteElo "1507"]
[BlackElo "1503"]
[PlyCount "102"]
[EventDate "2024.10.25"]
[EventType "swiss"]
[EventRounds "5"]
[EventCountry "ENG"]
[SourceTitle "BritBase"]
[Source "John Saunders"]
[SourceDate "2025.02.10"]
[SourceVersion "1"]
[SourceVersionDate "2025.02.10"]
[SourceQuality "1"]

1. e4 e6 2. d4 d5 3. e5 c5 4. c3 Nc6 5. Nf3 Qb6 6. Bd3 cxd4 7. cxd4 Bd7 8. Be2 Nge7 9. Nc3 Nf5 10. O-O Nfxd4 11. Nxd4 Qxd4 12. Qxd4 Nxd4 13. Bd3 Rc8 14. Be3 Nc6 15. f4 d4 16. Bd2 dxc3 17. Bxc3 Bc5+ 18. Kh1 O-O 19. Rf3 Bd4 20. Rh3 g6 21. Bxd4 Nxd4 22. Rd1 Nf5 23. Kg1 Bc6 24. Be2 Rcd8 25. Rhd3 Rxd3 26. Rxd3 Bb5 27. Rd2 Bxe2 28. Rxe2 Rc8 29. Kf2 Ne7 30. g3 Nd5 31. Kf3 Rc4 32. Rd2 Kf8 33. Ke2 Ke7 34. Kd3 Rc6 35. a3 a5 36. Re2 Kd7 37. Re4 b5 38. Rd4 Kc7 39. Re4 Kb6 40. a4 Nb4+ 41. Ke3 bxa4 42. Kf3 Rc2 43. Re2 Rxe2 44. Kxe2 Kc5 45. Kf3 Nd3 46. Kg4 Nxb2 47. Kg5 a3 48. Kf6 a2 49. Kxf7 a1=Q 50. Kxe6 Qa2+ 51. Kf6 Qg8 0-1

[Event "Scarborough Foundation 47th"]
[Site "Scarborough"]
[Date "2024.10.27"]
[Round "4.3"]
[White "Singh, Amandeep"]
[Black "Barker, Ian"]
[Result "1/2-1/2"]
[WhiteElo "1488"]
[BlackElo "1545"]
[PlyCount "195"]
[EventDate "2024.10.25"]
[EventType "swiss"]
[EventRounds "5"]
[EventCountry "ENG"]
[SourceTitle "BritBase"]
[Source "John Saunders"]
[SourceDate "2025.02.10"]
[SourceVersion "1"]
[SourceVersionDate "2025.02.10"]
[SourceQuality "1"]

1. e4 c5 2. Nc3 e6 3. f4 d5 4. Nf3 Nc6 5. Bb5 d4 6. Bxc6+ bxc6 7. Nb1 Nf6 8. d3 a5 9. O-O Ba6 10. Re1 Be7 11. Ne5 Qb6 12. b3 O-O 13. g4 Rfd8 14. g5 Nd7 15. Ng4 a4 16. h4 axb3 17. axb3 c4 18. bxc4 Bxc4 19. Rxa8 Rxa8 20. Nd2 Bb5 21. h5 c5 22. Nf3 Ra1 23. f5 c4 24. g6 hxg6 25. hxg6 fxg6 26. fxg6 Ba3 27. Qd2 Rxc1 28. Rxc1 Bxc1 29. Qxc1 cxd3 30. cxd3 Qc5 31. Qf4 Qf8 32. Qxf8+ Kxf8 33. Nxd4 Bxd3 34. Nxe6+ Kg8 35. Nf2 Bb1 36. Kg2 Ne5 37. Nf4 Bc2 38. Kg3 Nxg6 39. Nxg6 Bxe4 40. Nxe4 Kf7 41. Nf4 Ke7 42. Kg4 Kd7 43. Kf5 Kc6 44. Kg6 Kb5 45. Kxg7 Kc4 46. Kf6 Kd4 47. Kf5 Kc4 48. Ke5 Kb4 49. Kd4 Kb5 50. Nd5 Kc6 51. Kc4 Kd7 52. Kc5 Ke6 53. Kd4 Kf5 54. Nef6 Ke6 55. Ke4 Kd6 56. Ne8+ Kc5 57. Nec7 Kc4 58. Ke3 Kc5 59. Ke4 Kc4 60. Na6 Kb5 61. Ndb4 Kc4 62. Ke5 Kc3 63. Kd5 Kd2 64. Kd4 Ke2 65. Ke4 Kd2 66. Nd5 Ke2 67. Nc5 Kd2 68. Nd3 Kc2 69. Kd4 Kd2 70. Nb6 Ke2 71. Ke4 Kd2 72. Na4 Kc2 73. Kd4 Kd2 74. Nb6 Ke2 75. Nc4 Kf3 76. Ke5 Ke2 77. Ke4 Kd1 78. Nb4 Ke2 79. Kf4 Kf2 80. Kg4 Ke2 81. Kg3 Ke1 82. Kf3 Kd1 83. Kf2 Kc1 84. Ke2 Kb1 85. Kd2 Ka1 86. Kc3 Kb1 87. Kb3 Kc1 88. Kc3 Kd1 89. Kd3 Ke1 90. Ke3 Kf1 91. Kf3 Kg1 92. Ke3 Kf1 93. Kf3 Kg1 94. Ke2 Kh2 95. Nd3 Kh3 96. Nf2+ Kh2 97. Ng4+ Kg1 98. Nce3 1/2-1/2

[Event "Scarborough Foundation 47th"]
[Site "Scarborough"]
[Date "2024.10.27"]
[Round "4.4"]
[White "Tunnacliffe, Alan"]
[Black "Hare, Chris"]
[Result "1-0"]
[WhiteElo "1517"]
[BlackElo "1340"]
[PlyCount "73"]
[EventDate "2024.10.25"]
[EventType "swiss"]
[EventRounds "5"]
[EventCountry "ENG"]
[SourceTitle "BritBase"]
[Source "John Saunders"]
[SourceDate "2025.02.10"]
[SourceVersion "1"]
[SourceVersionDate "2025.02.10"]
[SourceQuality "1"]

1. e4 c6 2. d4 d5 3. exd5 cxd5 4. Bd3 Nf6 5. c3 Bg4 6. Qb3 Qc7 7. h3 Bd7 8. Nf3 e6 9. O-O Bd6 10. Re1 Nc6 11. a4 O-O 12. Bg5 Be7 13. Nbd2 Rab8 14. Ne5 a6 15. Qc2 h6 16. Bh4 Rfc8 17. Nxc6 Bxc6 18. Bg3 Bd6 19. Bxd6 Qxd6 20. b4 b5 21. a5 Be8 22. Re3 Rc7 23. Rae1 Rbc8 24. Nb3 Qxb4 25. cxb4 Rxc2 26. Bxc2 Rxc2 27. Rc1 Rc4 28. Rxc4 dxc4 29. Nc5 Nd5 30. Kf1 Nxe3+ 31. fxe3 Bc6 32. Nxa6 Kf8 33. g3 Ke7 34. Ke2 h5 35. h4 Kf6 36. Nb8 Bf3+ 37. Kxf3 1-0

[Event "Scarborough Foundation 47th"]
[Site "Scarborough"]
[Date "2024.10.27"]
[Round "4.5"]
[White "Galloway, Peter"]
[Black "Brown, Stephanie"]
[Result "1-0"]
[WhiteElo "1481"]
[BlackElo "1457"]
[PlyCount "104"]
[EventDate "2024.10.25"]
[EventType "swiss"]
[EventRounds "5"]
[EventCountry "ENG"]
[SourceTitle "BritBase"]
[Source "John Saunders"]
[SourceDate "2025.02.10"]
[SourceVersion "1"]
[SourceVersionDate "2025.02.10"]
[SourceQuality "1"]

1. e4 c5 2. Nf3 g6 3. Bc4 Bg7 4. d4 cxd4 5. Nxd4 Nc6 6. Nxc6 bxc6 7. O-O Qb6 8. Qf3 e6 9. Qb3 Ne7 10. Qxb6 axb6 11. c3 Ba6 12. Nd2 b5 13. Be2 O-O 14. Nb3 d6 15. Bf4 e5 16. Be3 h6 17. Rfd1 Rfd8 18. Bf3 f5 19. Bb6 Rd7 20. Nc5 fxe4 21. Bg4 Rda7 22. Bxa7 dxc5 23. Bxc5 Nf5 24. Bxf5 gxf5 25. Bb6 Rb8 26. Rd8+ Rxd8 27. Bxd8 Kf7 28. Re1 Ke6 29. f3 exf3 30. gxf3 Bb7 31. f4 e4 32. Rd1 Bf8 33. Bb6 Bd6 34. Be3 c5 35. Kf2 b4 36. cxb4 cxb4 37. b3 Bc8 38. Kg3 Be7 39. Rc1 Bd7 40. Bc5 Bb5 41. Bxe7 Kxe7 42. Rc7+ Ke6 43. Rb7 Bd3 44. Rxb4 e3 45. Kf3 e2 46. Kf2 Kd5 47. Ke1 Kc5 48. Rc4+ Kd5 49. Rc3 Ba6 50. Re3 Kc5 51. Re5+ Kb4 52. Rxf5 Ka3 1-0